Statistics for Kendrick Lamar's discography

Click here to take the quiz!

General Stats

  • This quiz has been taken 128 times
  • The average score is 33 of 76

Answer Stats

HintAnswer% Correct
DAMN. (2017)Humble
88%
Good kid, m.A.A.d city (2012)Money trees
81%
DAMN. (2017)Love
80%
DAMN. (2017)DNA
77%
To Pimp a Butterfly (2015)i
75%
To Pimp a Butterfly (2015)u
73%
To Pimp a Butterfly (2015)Alright
70%
Good kid, m.A.A.d city (2012)m.A.A.d city
70%
Good kid, m.A.A.d city (2012)Bitch, don't kill my vibe
67%
DAMN. (2017)Duckworth
67%
DAMN. (2017)Pride
67%
Good kid, m.A.A.d city (2012)Good kid
65%
DAMN. (2017)Loyalty
64%
Mr Morale & The Big Steppers (2022)N95
64%
DAMN. (2017)XXX
63%
DAMN. (2017)Blood
60%
DAMN. (2017)Element
60%
DAMN. (2017)God
60%
To Pimp a Butterfly (2015)King Kunta
60%
To Pimp a Butterfly (2015)Wesley's theory
60%
Mr Morale & The Big Steppers (2022)Count me out
57%
Good kid, m.A.A.d city (2012)Backseat Freestyle
55%
DAMN. (2017)Fear
53%
DAMN. (2017)Lust
52%
Good kid, m.A.A.d city (2012)Poetic justice
52%
To Pimp a Butterfly (2015)The blacker the berry
51%
Section.80 (2011)A.D.H.D
50%
Good kid, m.A.A.d city (2012)Compton
49%
Good kid, m.A.A.d city (2012)Sing about me, i'm dying of thirst
49%
To Pimp a Butterfly (2015)These walls
49%
DAMN. (2017)Feel
48%
DAMN. (2017)Yah
48%
Mr Morale & The Big Steppers (2022)Father Time
47%
To Pimp a Butterfly (2015)Momma
45%
Good kid, m.A.A.d city (2012)Swimming Pools (Drank)
45%
Mr Morale & The Big Steppers (2022)Mr. Morale
44%
Good kid, m.A.A.d city (2012)Real
43%
Good kid, m.A.A.d city (2012)The art of peer pressure
43%
To Pimp a Butterfly (2015)Mortal Man
42%
Mr Morale & The Big Steppers (2022)United in grief
42%
Mr Morale & The Big Steppers (2022)Mirror
40%
Good kid, m.A.A.d city (2012)Sherane aka Master Splinter's daughter
40%
Mr Morale & The Big Steppers (2022)The Heart part 5
40%
To Pimp a Butterfly (2015)How much a dollar cost
39%
Mr Morale & The Big Steppers (2022)Savior
39%
To Pimp a Butterfly (2015)Institutionalized
38%
Mr Morale & The Big Steppers (2022)Die Hard
36%
Section.80 (2011)Hiiipower
36%
Mr Morale & The Big Steppers (2022)Silent hill
35%
Mr Morale & The Big Steppers (2022)We cry together
34%
To Pimp a Butterfly (2015)Hood politics
33%
To Pimp a Butterfly (2015)Complexion
32%
To Pimp a Butterfly (2015)For Free ? interlude
32%
Mr Morale & The Big Steppers (2022)Purple Hearts
32%
Mr Morale & The Big Steppers (2022)Rich spirit
32%
Mr Morale & The Big Steppers (2022)Savior interlude
32%
Mr Morale & The Big Steppers (2022)Worldwide Steppers
32%
Mr Morale & The Big Steppers (2022)Auntie diaries
31%
Mr Morale & The Big Steppers (2022)Crown
31%
Section.80 (2011)Fuck your ethnicity
30%
To Pimp a Butterfly (2015)You ain't gotta lie
30%
To Pimp a Butterfly (2015)For sale ? interlude
28%
Mr Morale & The Big Steppers (2022)Rich interlude
28%
Mr Morale & The Big Steppers (2022)Mother I Sober
27%
Section.80 (2011)Ronald Reagan era
24%
Section.80 (2011)Chapter six
22%
Section.80 (2011)Keisha's song
22%
Section.80 (2011)Hol'up
18%
Section.80 (2011)Chapter ten
17%
Section.80 (2011)No Make-up
17%
Section.80 (2011)Tammy's song
17%
Section.80 (2011)Kush & Corinthians
16%
Section.80 (2011)Rigamortus
16%
Section.80 (2011)Ab-Souls Outro
15%
Section.80 (2011)Poe mans dreams
14%
Section.80 (2011)Blow my high
10%

Score Distribution

Percentile by Number Answered

Percent of People with Each Score

Your Score History

You have not taken this quiz